Guess the song from Jala Brat and Buba Corelli by text #1 - Statistics

General Stats
  • This quiz has been taken 75 times
  • The average score is 13 of 48
Answer Stats
Hint Answer % Correct
Ko da gledam, opet skrenuće me s uma Oči zelene, ledene su ko Una.... 99
78%
Kako zna da igra, kad igra blefiraMjesto ne bira samo da me iznervira.... Opasno
78%
A ja to ne mogu krit', zbog tebe sam nestô A ti čekaš ljetni hit i je*e ti se često.... Pilula
78%
Jer ti si kraljica u svome carstvu, iako nekad je obavijeno tamomTijelom lavice, druge tonu u farsu.... Mafia
73%
Samo trebam upaljač u plamenu da gori Prst na obaraču, a kaže mi da me voli.... Restart
64%
Ne, ja nisam cinik, al' odblokiram Glock Ne, njima ne gine klinika, al' očekivan tok.... Monster
62%
Mlada i luda, vjeru nema u ljubavSlatka faca, vel'ka guza, došla da vidi šta život pruža.... Usta na usta
60%
Kad te vidim, ledim se ko Sibir Al' bolje idi, yalla, yalla, habibi.... Dale
55%
A alkohola rijeka, ljubavi ni za lijekaA ti bila si lijеpa, a tebe jako treba Divljam
55%
Ove noći ne plači jer te oči su sjaj A ovdje su dani mračni, ovdje sam bio kralj.... Ne volim
55%
Na prvi dodir bi se ježila Glavna si uloga u filmu koji režiram.... Mila
51%
Izlazi ti mala k'o raščupana kura*a iz WC-a Poslije nastupa mi šaputala na uho par ideja.... Trinidad i Tobago
51%
Oči tvoje naivne kô zvijezde su sjajile Plavlje od Rajne, plave kô Mayine.... Ona'e
49%
Iako izgledaš kô boginja u zlatnim okovima Noćas budi mi robinja, uvijajaj bokovima.... Habibi
45%
Mala je avion, tako ne može me niko dić' Dolara milion k'o da je*em Anu Nikolić.... Boing
44%
Večeras imam prazan stan A znam, niko ne voli da spava sam.... Kao ja
36%
Usred mraka motam čistaka, Jala je geto boy Neću reći da si laka, nedô Bog, nedô Bog.... Gianni
33%
Usne, tvoje preukusne, cijeli grad za njima žudi Sredi se za mene, stavi malo karmina.... Nju bi' da ljubim
33%
Palimo, žarimo yeah, Babilon varimo, yeah Pravimo, kvarimo, mi smo mladi, ne starimo.... RMX
29%
Na njeg' bi zapucô, al' zaglavi mi se Kada te nazovem, bebo, javi mi se.... Andale
27%
Noćas Karneval votke bacamo na led (Wooh) I vjerovatno zato sutra kasnim na let.... Criminal
27%
Čitav moj tim je tu, u backstage dim budе gustGrey Goose, led i Juicе.... Zvijer
27%
Ništa lično - biznis, bacila mi lapdance, koljena mi izliza Imaš liniju ko Audi TT, je*o si*e te bez etikete.... Kim Kardashian
25%
Zovi reisa, pljuješ, kopam uz ezan vam mezar Ovo ste htjeli, Jala, Buba Corelli, samo poželi.... Dizite upaljace
22%
U, ti si ta, oko tebe yakuze Vučem je za kosu dok gledamo Narcos.... Maria
20%
Bacam stil ko da hodam blockom, u club upadam sa glockomI nisam na nju puko, nego puko sam se ko*om Idemo do nje
18%
Ja bi s tobom ponovo sve ovo prošao još jednomU srcu mi olovo, vozim dvjеsto kroz crveno.... Savastano
16%
Ti ne trebaš dar iz Sijera Leone, u očima sjaj, a to nemaju one Te oči su čar, u njima sam car i bez krune znaj, sve ove love.... Folira
15%
Ja dao sam im sve i opet da vrijeme vratim Ne bi m'jenjao se, ulica će da me pamti.... Plijen
13%
Na pola lud, opet mislim na tebe Noći zovu na blud, a ti me zoveš do sebe.... Baksis
11%
Onaj Cora ne hoda, Cora leti, mora da je orao Ovaj beat poderat sam morao.... Dici cemo sve u zrak
11%
Drotovi nas ne mogu uhapsit, nas boli ku*ac šta će sutra bitNas žele dušmani uplašit, mogu nas samo za ku*ac uhvatit Geto majke
11%
Mi imamo puno braće što za nas živote dat' će Ljudi pitaju na čemu to ja po beatu skačem.... Intro
11%
Cora je*e sve, dođite da našamaram vas Biraj kundak u vrat il' da vugla puca ko ananas.... Ulice su se zaklele
9%
Lagano mala na mene penje se Bacam pare, ku*e ne vole repere škrte.... Kisa para
7%
Nema te šanse, još uvijek sam previše gladan (Hey) Nocci Magadavo, ne treba mi Prada.... OMG
7%
Dobio sam informaciju, bila si sa njim u laciju Varala si me, ka*ala si se, davala mi inspiraciju Reko mi je on
7%
Bez tebe umirem, kao da se gasim Al’ ne dam da me ubije pa moram da te spasim.... #FreeDemBoyz
5%
Sve moguće za pare, a bez para put gadan je Za havere iza brave, da ljubav, kraj s vama je.... Moje ulice
5%
Gori ma sve ba gori, pa repere guramo u krematorijVi spori ko prematori, spram nas ko pero-kartoni.... 3C2B
4%
Čujem da ku*e laju kada ih dotakne koka pa im šaljem moju ekipu "Crno nebo" iz Maroka.... Rio de Janeiro
4%
Što mi praviš scene poput povrijeđene žene, Sječeš vene kada Cora krene pjevati refrene.... SA Swag
4%
EASY EASY
2%
Ti si beton, samo ti ja ne dostajem a ja geto pa smeta ti jer ostajem sa kačketom.... Fanki sranje
2%
HARD HARD
2%
IMPOSSIBLE IMPOSSIBLE
2%
MEDIUM MEDIUM
2%
Pun gas k'o Lambo Monacom Ako padnem neka izvadi me odvjetnik.... Moji drugovi
0%
No matching quizzes found
Score Distribution
Percent of People with Each Score
Percentile by Number Answered
Your Score History
You have not taken this quiz